000 00306nam a22001337a 4500
008 180205b xxu||||| |||| 00| 0 eng d
020 _a619616001
041 _aeng
080 _a338
100 _a53
101 _aMNG
245 _aPutting The One Minute Manager to Work
_cBlanchard, K
942 _2udc
_cBK
999 _c41834
_d41834